00586nam a22001577a 45000050016000000200023000160350012000390370013000511000028000642450109000922600045002013000022002469420024002689990017002929520119003092012032907227.0 a0195664205c645.00 aB-79998 aDPLbENG aHiltebeitel, Alf944537 aRethinking the Mahabharata :bA reader's guide to the education of the Dharma king /cby Alf Hiltebeitel aNew DehlibOxford University Pressc2002 ax, 365p.c20 cms. 2ddccENh230.1mHIL c64518d64518 001040708NFICaZLSbZLSd2012-03-29g645.00l0o230.1 HILpB-79998r2012-03-29 00:00:00v645.00w2012-03-29yEN